| 000 | 00695cam a2200265 4500 | ||
|---|---|---|---|
| 008 | 090401t1987 xxu||||| |||| 00| 0 eng d | ||
| 020 | _a0291397425 | ||
| 035 | _a(Sirsi) u20890 | ||
| 041 | _aeng | ||
| 050 | _a658.1552 | ||
| 100 | _aKharbanda, O.P. | ||
| 245 | _aProject cost control in action | ||
| 250 | _a2nd ed. | ||
| 260 |
_aAldershot _bGower Technical Press _c1987 |
||
| 300 | _axxiv,320p. : ill. ; 22cm. | ||
| 350 | _a27.5 | ||
| 650 | _aBUILDING PROJECTS | ||
| 650 | _aCOST PLANNING AND CONTROL | ||
| 650 | _aPROCESS PLANTS | ||
| 650 | _aMANAGEMENT-PROJECT MANAGEMENT | ||
| 700 | _aStallworthy, E.A. | ||
| 700 | _aWilliams, L.F. | ||
| 942 | _n0 | ||
| 948 | _c04/03/1997 | ||
| 999 |
_c87893 _d87893 |
||